000 00389nam a2200157Ia 4500
008 240624s9999 xx 000 0 und d
041 _aeng
082 _a657.02 GHO
100 _aGHOSH T P
245 _aACCOUNTING STANDARDS AND CORPORATE ACCOU
250 _a(8th ed.)
260 _c2007
_aNew Delhi
_bTaxmann
300 _ai-33, : 1462 : p. : cm. ; 24
365 _cRS
_b25
440 _v1
999 _c8933
_d8933